Biggest Cities That End With A - Statistics

General Stats
  • This quiz has been taken 66 times
  • The average score is 12 of 21
Answer Stats
Population City % Correct
28,100,000 Jakarta
93%
23,300,000 Manila
84%
9,350,000 Bogota
73%
17,600,000 Dhaka
73%
4,675,000 Ankara
70%
10,600,000 Kinshasa
68%
16,000,000 Kolkata
68%
5,500,000 Atlanta
66%
9,950,000 Lima
66%
7,300,000 Philadelphia
63%
17,800,000 Osaka
61%
5,150,000 Alexandria
52%
4,650,000 Barcelona
48%
6,800,000 Luanda
48%
10.400.000 Nagoya
46%
4,175,000 Casablanca
43%
4,575,000 Accra
41%
4,975,000 Guadalajara
36%
4,025,000 Tampa
29%
4,700,000 Surabaya
21%
4,450,000 Changsha
14%
No matching quizzes found
Score Distribution
Percent of People with Each Score
Percentile by Number Answered
Your Score History
You have not taken this quiz